000 00380nam a2200145Ia 4500
008 100122s9999 xx 000 0 und d
082 _b24304
_a796.358
100 _aDOCKER EDWARD
245 _aHISTORY OF INDIAN CRIKET
260 _bDREAMLAND PUBLICATIONS
_c1976
300 _a288
630 _aHISTORY OF INDIAN CRIKET
730 _aHISTORY OF INDIAN CRIKET
942 _cBOOK
999 _c367407
_d367404